00355nam a2200085Ia 4500008004100000245009900041260000900140300009700149650002300246180130s9999 xx 000 0 und d cPatrick, Harold Andrew; Kumar, Vincent RajaManaging workplace diversity issues and challenges c2015 aBook title: Strategic planning for project management--Acession number C20548; pages 115-138 aPROJECT MANAGEMENT